Online
Catalog

Fundamentos de trigonometría / (Record no. 25526)

MARC details
000 -CABECERA
campo de control de longitud fija 00864nam a2200253 a 4500
001 - NÚMERO DE CONTROL
campo de control 000026034
005 - FECHA Y HORA DE LA ÚLTIMA TRANSACCIÓN
campo de control 20240425183030.0
008 - DATOS DE LONGITUD FIJA--INFORMACIÓN GENERAL
campo de control de longitud fija 110217s1985 sp a r 000 | spa d
020 ## - NÚMERO INTERNACIONAL ESTÁNDAR DEL LIBRO
Número Internacional Estándar del Libro 8435904350
040 ## - FUENTE DE LA CATALOGACIÓN
Centro catalogador/agencia de origen DO-SdBNP
Lengua de catalogación spa
Centro/agencia transcriptor BNPHU
082 ## - NÚMERO DE LA CLASIFICACIÓN DECIMAL DEWEY
Número de clasificación 516.24
Número de documento/Ítem V393f
049 ## - FONDOS LOCALES (OCLC)
Fondos de biblioteca BNGR
100 1# - ENTRADA PRINCIPAL--NOMBRE DE PERSONA
Nombre de persona Vázquez, Carlos E. ,
9 (RLIN) 52963
245 10 - MENCIÓN DE TÍTULO
Título Fundamentos de trigonometría /
Mención de responsabilidad, etc. Carlos E. Vázquez, Martha Martínez ; colaboradores José Abreu ... [et al.] ; ilustración Guadalupe Teijeiro.
260 ## - PUBLICACIÓN, DISTRIBUCIÓN, ETC.
Lugar de publicación, distribución, etc. Madrid :
Nombre del editor, distribuidor, etc. Playor,
Fecha de publicación, distribución, etc. 1985.
300 ## - DESCRIPCIÓN FÍSICA
Extensión 298 p. :
Otras características físicas il. ;
Dimensiones 24 cm.
650 #0 - PUNTO DE ACCESO ADICIONAL DE MATERIA--TÉRMINO DE MATERIA
Término de materia o nombre geográfico como elemento de entrada Trigonometría
9 (RLIN) 25981
700 1# - PUNTO DE ACCESO ADICIONAL--NOMBRE DE PERSONA
Nombre de persona Martínez, Martha ,
9 (RLIN) 52964
700 1# - PUNTO DE ACCESO ADICIONAL--NOMBRE DE PERSONA
Nombre de persona Abreu, José,
9 (RLIN) 52965
700 1# - PUNTO DE ACCESO ADICIONAL--NOMBRE DE PERSONA
Nombre de persona Martínez, Martha,
9 (RLIN) 52964
700 1# - PUNTO DE ACCESO ADICIONAL--NOMBRE DE PERSONA
Nombre de persona Sánchez Sordo, Manuel ,
9 (RLIN) 52966
700 1# - PUNTO DE ACCESO ADICIONAL--NOMBRE DE PERSONA
Nombre de persona Vázquez, Carlos E.,
9 (RLIN) 52963
700 1# - PUNTO DE ACCESO ADICIONAL--NOMBRE DE PERSONA
Nombre de persona Teijeiro, Guadalupe,
Término indicativo de función/relación il.
9 (RLIN) 52967

No items available.

Powered by Koha